MARC details
| 000 -CABECERA |
| campo de control de longitud fija |
03214nam a2200337 a 4500 |
| 001 - NÚMERO DE CONTROL |
| campo de control |
Z_6311 |
| 003 - IDENTIFICADOR DEL NÚMERO DE CONTROL |
| campo de control |
CHAP |
| 005 - FECHA Y HORA DE LA ÚLTIMA TRANSACCIÓN |
| campo de control |
20251113142225.0 |
| 007 - CAMPO FIJO DE DESCRIPCIÓN FÍSICA--INFORMACIÓN GENERAL |
| campo de control de longitud fija |
ta |
| 008 - DATOS DE LONGITUD FIJA--INFORMACIÓN GENERAL |
| campo de control de longitud fija |
220113s2012 -usao fr 001 0 spa d |
| 010 ## - NÚMERO DE CONTROL DE LA BIBLIOTECA DEL CONGRESO |
| Número de control de LC |
169555 |
| 020 ## - NÚMERO INTERNACIONAL ESTÁNDAR DEL LIBRO |
| Número Internacional Estándar del Libro |
978-1-4633-3618-9 |
| Información calificativa |
(tapa blanda) |
| 040 ## - FUENTE DE LA CATALOGACIÓN |
| Centro catalogador/agencia de origen |
Z |
| Centro/agencia transcriptor |
CHAP |
| 041 0# - CÓDIGO DE LENGUA |
| Código de lengua del sumario o resumen |
Español |
| Código de lengua de la tabla de contenido |
Español |
| 082 00 - NÚMERO DE LA CLASIFICACIÓN DECIMAL DEWEY |
| Número de clasificación |
599.7357 |
| Número de documento/Ítem |
R36 2012 |
| Número de edición |
20 |
| 100 1# - ENTRADA PRINCIPAL--NOMBRE DE PERSONA |
| Nombre de persona |
Ramírez Lozano, Roque Gonzalo |
| 9 (RLIN) |
94105 |
| Término indicativo de función/relación |
autor |
| 245 10 - MENCIÓN DE TÍTULO |
| Título |
Alimentación del venado cola blanca : |
| Resto del título |
biología y ecología nutricional / |
| Mención de responsabilidad, etc. |
Roque Gonzalo Ramírez Lozano |
| 264 #1 - PRODUCCIÓN, PUBLICACIÓN, DISTRIBUCIÓN, FABRICACIÓN Y COPYRIGHT |
| Producción, publicación, distribución, fabricación y copyright |
Estados Unidos de América : |
| Nombre del de productor, editor, distribuidor, fabricante |
Palibrio, |
| Fecha de producción, publicación, distribución, fabricación o copyright |
2012 |
| 300 ## - DESCRIPCIÓN FÍSICA |
| Extensión |
354 páginas : |
| Otras características físicas |
ilustraciones, fotografías, tablas |
| 500 ## - NOTA GENERAL |
| Nota general |
ej.1: Donado por Roque Gonzalo Ramírez Lozano (el autor) el 07 de noviembre del 2012 |
| 504 ## - NOTA DE BIBLIOGRAFÍA, ETC. |
| Nota de bibliografía, etc. |
Bibliografía: p. 319 - 351 |
| 505 0# - NOTA DE CONTENIDO CON FORMATO |
| Nota de contenido con formato |
Presentación -- Capítulo 1: Biología y comportamiento -- Capítulo 2: Fisiología digestiva -- Capítulo 3: Agua -- Capítulo 4: Hábitat del venado cola blanca -- Capítulo 5: Forrajes nativos -- Capítulo 6: Proteínas -- Capítulo 7: Carbohidratos -- Capítulo 8: Lípidos -- Capítulo 9: Energía -- Capítulo 10: Minerales -- Capítulo 11: Vitaminas -- Capítulo 12: Lignina -- Capítulo 13: Taninos -- Capítulo 14: Consumo de forraje -- Capítulo 15: Técnicas de investigación en nutrición -- Bibliografía |
| 520 2# - SUMARIO, ETC. |
| Sumario, etc. |
El venado cola blanca (Odocoileus virginianus) es un animal silvestre que habita prácticamente en todo el Continente Americano. En México, prácticamente en todo el país, excepto en la Península de Baja California. Tiene alrededor de 500,000 años en su forma actual y 20 millones de evolución. Económicamente es considerado el trofeo de cacería mayor más importante en todo el mundo. Presenta dimorfismos sexuales al mostrar diferencias de forma, coloración y tamaño entre machos y hembras. tiene hábitos crepusculares, pueden encontrarse en grupos de 2 a 6 y hasta 15 individuos. Tienen un órgano conocido como vomeronasal. Es un órgano auxiliar del sentido del olfato que le da al venado un sexto sentido y que es usado principalmente durante el apareamiento, para detectar sustancias secretadas por las hembras. Tiene hígado pero no tiene vesícula biliar. Su carne magra y bajo contenido de colesterol. Es rumiante y herbívoro. Forrajea la vegetación para consumir hojas, brotes, frutos y semillas, así como hongos. El hábitat se encuentra prácticamente en todos los hábitats, siempre que estos le proporcionen suficiente refugio y alimento. No es común en las partes más secas y abiertas del matorral xerófilo ni en las más densas y húmedas del bosque tropical perennifolio. Los microbios en el rumen, además de que sintetizan las vitaminas hidrosolubles del complejo B y la K que es liposoluble, hacen posible que el venado obtenga nutrientes que no son disponibles a los animales no rumiantes y convierten nitrógeno no proteico a proteína bacteriana, rica en aminoácidos. |
| 650 13 - PUNTO DE ACCESO ADICIONAL DE MATERIA--TÉRMINO DE MATERIA |
| Término de materia o nombre geográfico como elemento de entrada |
Venados |
| 9 (RLIN) |
118663 |
| 650 13 - PUNTO DE ACCESO ADICIONAL DE MATERIA--TÉRMINO DE MATERIA |
| Término de materia o nombre geográfico como elemento de entrada |
Venados |
| Subdivisión general |
Nutrición |
| 9 (RLIN) |
142679 |
| 650 13 - PUNTO DE ACCESO ADICIONAL DE MATERIA--TÉRMINO DE MATERIA |
| Término de materia o nombre geográfico como elemento de entrada |
Venados |
| Subdivisión general |
Alimentación |
| 9 (RLIN) |
144431 |
| 942 ## - ELEMENTOS DE PUNTO DE ACCESO ADICIONAL (KOHA) |
| Fuente del sistema de clasificación o colocación |
Dewey Decimal Classification |
| Tipo de ítem Koha |
Libro |
| 901 ## - ELEMENTOS DE DATOS A LOCAL LDA (RLIN) |
| a |
599.7357 R36 2012 |
| 902 ## - ELEMENTOS DE DATOS B LOCAL, LDB (RLIN) |
| a |
M |
| 910 ## - DATOS DE OPCIÓN DEL USUARIO (OCLC) |
| Datos de opción del usuario |
2012 |